00464nam a2200133 i 4500001000300000245010800003260002100111700002500132700001800157040000800175041000800183008004100191856009800232bg 0aZbiór zadań z fizyki dla wyższych uczelni technicznych /cpod red. A. N. Kucenki i J. W. Rublewa. aWarszawa,c1977.1 aKucenko, A. N.eRed.1 aRublew, J. W. cBPK apol s pl f |000 0 pol  uhttp://koha.tu.koszalin.pl/cgi-bin/koha/opac-detail.pl?biblionumber=27587yKatalog online BPK